Calculus/ (Record no. 1243)

MARC details
000 -LEADER
fixed length control field 00964nac a22002651u 4500
010 ## -
-- 2001030156
020 ## - INTERNATIONAL STANDARD BOOK NUMBER
International Standard Book Number 0072398604 (alk. paper)
020 ## - INTERNATIONAL STANDARD BOOK NUMBER
International Standard Book Number 0071122710 (ISE)
082 00 - DEWEY DECIMAL CLASSIFICATION NUMBER
Classification number 515
Item number S6421
090 ## - LOCALLY ASSIGNED LC-TYPE CALL NUMBER (OCLC); LOCAL CALL NUMBER (OCLC)
-- 1243
-- 1243
100 ## - MAIN ENTRY--PERSONAL NAME
Personal name Smith, Robert T.
245 10 - TITLE STATEMENT
Title Calculus/
Statement of responsibility, etc Robert T. Smith, Roland B. Minton.
250 ## - EDITION STATEMENT
Edition statement 2nd ed.
260 ## -
-- Boston :
-- McGraw-Hill,
-- c2002.
300 ## - PHYSICAL DESCRIPTION
Extent xxviii, 850 p. :
Other physical details ill. (some col.) ;
Dimensions 26 cm.
336 ## - CONTENT TYPE
Source rdacontent
Content type term text
Content type code txt
337 ## - MEDIA TYPE
Media type term unmediated
Source rdamedia
Media type code n
338 ## - CARRIER TYPE
Carrier type term volume
Carrier type code nc
Source rdacarrier
504 ## - BIBLIOGRAPHY, ETC. NOTE
Bibliography, etc Includes bibliographical references (p. [835]-842) and index.
650 #0 - SUBJECT ADDED ENTRY--TOPICAL TERM
Topical term or geographic name as entry element Calculus.
700 1# - ADDED ENTRY--PERSONAL NAME
Personal name Minton, Roland B.,
Dates associated with a name 1956-
856 41 - ELECTRONIC LOCATION AND ACCESS
Materials specified Table of contents only
Uniform Resource Identifier <a href="http://www.loc.gov/catdir/enhancements/fy0612/2001030156-t.html">http://www.loc.gov/catdir/enhancements/fy0612/2001030156-t.html</a>
856 41 - ELECTRONIC LOCATION AND ACCESS
Materials specified Publisher description
Uniform Resource Identifier <a href="http://www.loc.gov/catdir/enhancements/fy0612/2001030156-d.html">http://www.loc.gov/catdir/enhancements/fy0612/2001030156-d.html</a>
942 ## - ADDED ENTRY ELEMENTS (KOHA)
Koha item type Book - Borrowing
Call number prefix 515S6421
Classification part RDA-MOD
Holdings
Withdrawn status Lost status Damaged status Not for loan Home library Current library Shelving location Date acquired Source of acquisition Total Checkouts Total Renewals Full call number Barcode Date last seen Date checked out Price effective from Koha item type
        Central Library Central Library First floor 02/08/2007 Purchase 4 39 515 SMI 000003239 15/07/2025 01/11/2017 29/08/2006 Book - Borrowing